000 00448nam a2200157Ia 4500
005 20250117003731.0
008 240331s9999 xx 000 0 und d
020 _a9810012594
082 _bSIN
_a920
100 _aSingh, M
245 0 _aDaedal decades :
_bautobiographical essays
260 _aSingapore
_bMaja corporation Pvt Ltd
_c1989
300 _aViii, 472 p .,
500 _aDaedal Decades is anthology of autobiographical essays
942 _cL
999 _c3471
_d3471